000 00300nam a22001337a 4500
008 170911b xxu||||| |||| 00| 0 eng d
020 _a41009567900000229855
041 _aeng
080 _a52
100 _a42
101 _aAST
245 _aINVESTIGATING ASTRONOMY
_cSLATER, T.F
942 _2udc
_cBK
999 _c27078
_d27078